Word Ladder: Overlapping Common Bonds II Quiz Stats

 Plays Quiz Updated Nov 29, 2018

Challenge
Share
Tweet
Embed
Score 0/48 Timer 05:00
0 Plays Today
Hint Word % Correct
SpeedyFAST
96%
Number of US Great LakesFIVE
95.9%
✥ Bird of peace ✥DOVE
95.9%
Bus or taxi feeFARE
95.5%
FlatulenceFART
95.3%
Diploma receiverGRAD
94.3%
Cannonball, swan, or pike, e.g.DIVE
94.2%
Bench, chair, or stool, e.g.SEAT
94.1%
✥ Sodium chloride ✥SALT
92.8%
Prepare a suitcase for travelPACK
92.4%
Immediately! (in a hospital)STAT
92.3%
ꕤ Guitar plucking device ꕤPICK
92.1%
Long, low sound of sufferingMOAN
91.9%
Stop suddenlyHALT
91.7%
To have cut the lawnMOWN
91.6%
Fabric junctionSEAM
91.6%
Unkind, spitefulMEAN
91%
Shaft of lightBEAM
90.9%
Sweat dropletBEAD
90.8%
ꕤ Conflagration ꕤFIRE
90.7%
Red and white blendPINK
90.5%
✥ Sirius, Polaris ✥STAR
90.1%
Plant stalkSTEM
90%
Celebratory gatheringFEST
89.3%
Hint Word % Correct
Achievement, accomplishmentFEAT
89.1%
ꕤ Soft, fluffy feathers ꕤDOWN
88.9%
Slowly leak throughSEEP
88.8%
ꕤ Stair tread ꕤSTEP
88.6%
Small nailBRAD
87.7%
✥ Very firm; solid ✥HARD
87.7%
To not have enoughLACK
87.2%
Bovine bunch HERD
86.2%
Pout, be sullenSULK
85.5%
Fortune tellerSEER
85.2%
Fermented honey and waterMEAD
85.1%
Polio vaccine delevoper JonasSALK
85%
Char surfaceSEAR
84.8%
Descended to bottom of the seaSUNK
84.5%
Male red deerHART
83.9%
ꕤ Director, leader ꕤHEAD
82.1%
✥ Stick used to ignite fireworks ✥PUNK
80.8%
ꕤ Line network; matrix ꕤGRID
76.5%
✥ Something bogus or false ✥SHAM
67.3%
One of Noah's sonsSHEM
67.2%
Star Trek's Worf actor MichaelDORN
53.2%
A silver-gold alloy barDORÉ
52.1%
ꕤꕤ COMMON BOND 1 ꕤꕤLOCK
45.2%
✥✥ COMMON BOND 2 ✥✥ROCK
43.3%

Today's Daily Dose

Missing Word
Hayao Miyazaki

Word Ladder
Florida

On This Day
December 13th II

You're not logged in!

Compare scores with friends on all Sporcle quizzes.
OR
Log In

You Might Also Like...

Show Comments

Extras

Top Quizzes Today


Score Distribution

Your Account Isn't Verified!

In order to create a playlist on Sporcle, you need to verify the email address you used during registration. Go to your Sporcle Settings to finish the process.

Report this User

Report this user for behavior that violates our Community Guidelines.

Details: